000 00328nam a2200121Ia 4500
008 190722s9999 xx 000 0 und d
020 _a978-81-265-5915-2
100 _aRomilla Ready Kate Burton
245 0 _aNeuro-linguistic Programming for Dummies
260 _aDelhi
_bWiley India Pvt Ltd.
_c2016
300 _a408
942 _cBK
999 _c311
_d311